Normal view
MARC view
- Muthuvenkatachalam S
Entry Personal Name
001 - CONTROL NUMBER
- control field: 215632
003 - CONTROL NUMBER IDENTIFIER
- control field: OSt
005 - DATE AND TIME OF LATEST TRANSACTION
- control field: 20251202124631.0
008 - FIXED-LENGTH DATA ELEMENTS
- fixed length control field: 251202|| aca||aabn | a|a d
040 ## - CATALOGING SOURCE
- Original cataloging agency: OSt
- Transcribing agency: OSt
100 ## - HEADING--PERSONAL NAME
- Personal name: Muthuvenkatachalam S
670 ## - SOURCE DATA FOUND
- Source citation: Work cat.: (OSt)369245: Muthuvenkatachalam S., Behavioral Sciences (Sociology and Psychology) for GNM Nursing Students, 2025